I primi 15 Stati nel mondo per estensione costiera in km - Statistics

Statistiche generali
  • Questo quiz è stato fatto 117 volte
  • Il punteggio medio è 13 su 15
Statistiche sulle risposte
km STATO % Corretto
37 653 Russia
99%
202 080 Canada
97%
7 491 Brasile
96%
19 924 Stati Uniti/ USA
96%
14 500 Cina
92%
25 760 Australia
91%
7 914 Italia
90%
29 751 Giappone
88%
9 330 Messico
86%
54 716 Indonesia
84%
25 148 Norvegia
82%
12 429 Regno Unito
72%
13 676 Grecia
71%
15 134 Nuova Zelanda
70%
36 289 Filippine
64%
Nessun quiz corrispondente trovato
Distribuzione punteggi
Percentuale di utenti per punteggio
Percentile per numero di risposta
I tuoi punteggi nel tempo
Non hai fatto questo quiz